<?xml version="1.0" encoding="UTF-8"?>
<collection xmlns="http://www.loc.gov/MARC21/slim">
  <record>
    <leader>00000nam  2200000   4500</leader>
    <controlfield tag="001">INLIS000000000009640</controlfield>
    <controlfield tag="005">20130612101426</controlfield>
    <controlfield tag="008">***********************************Ind**</controlfield>
    <datafield tag="035" ind1="#" ind2="#">
      <subfield code="0">010-061300000009640</subfield>
    </datafield>
    <datafield tag="041" ind1="#" ind2="#">
      <subfield code="a">Ind</subfield>
    </datafield>
    <datafield tag="082" ind1="#" ind2="#">
      <subfield code="a">291.04</subfield>
    </datafield>
    <datafield tag="090" ind1="#" ind2="#">
      <subfield code="a">291.04, Arm b</subfield>
    </datafield>
    <datafield tag="100" ind1="#" ind2="#">
      <subfield code="a">Armsfrong, Karen</subfield>
    </datafield>
    <datafield tag="245" ind1="#" ind2="#">
      <subfield code="a">Berperang Demi Tuhan, Karen Armsfrong</subfield>
    </datafield>
    <datafield tag="260" ind1="#" ind2="#">
      <subfield code="a">2001</subfield>
      <subfield code="b">bandung</subfield>
    </datafield>
    <datafield tag="300" ind1="#" ind2="#">
      <subfield code="a">xx, 641 hlm, 21 cm</subfield>
    </datafield>
    <datafield tag="650" ind1="#" ind2="#">
      <subfield code="a">Agama Perbandingan</subfield>
    </datafield>
    <datafield tag="850" ind1="#" ind2="#">
      <subfield code="a">NBPNMAT</subfield>
    </datafield>
  </record>
</collection>
